People in History A-Z #7 - Statistics

General Stats
  • This quiz has been taken 1,159 times
  • The average score is 12 of 26
Answer Stats
Hint Answer % Correct
C Notorious American gangster during the prohibition era Al Capone
86%
G The last leader of the Soviet Union before its dissolution Mikhail Gorbachev
80%
S Greek philosopher and teacher of Plato who prized virtue Socrates
78%
E Columbian drug lord, head of the Medellin Cartel Pablo Escobar
77%
J Retired American basketball player who played for the Chicago Bulls Michael Jordan
76%
T Serbian scientist/electrician who worked for and later competed against Thomas Edison Nikola Tesla
76%
Y English philanthropist and namesake of a renowned American university Elihu Yale
73%
V Aggresive Romanian leader who inspired Stoker's 'Dracula' Vlad the Impaler
73%
W 28th President of the USA Woodrow Wilson
66%
D English Explorer who defeated the Spanish Armada Sir Francis Drake
57%
Z French footballer known for headbutting Zinédine Zidane
55%
H Theoretical physicist known for his predictions concerning black holes Stephen Hawking
52%
R Original Superman actor paralysed in a horse riding accident Christopher Reeve
51%
B The 'Godfather of Soul' James Brown
43%
N Russian author of 'Lolita' Vladimir Nabokov
42%
M English poet who wrote 'Paradise Lost' John Milton
36%
P English surgeon who first described the symptoms of a disease later named after him James Parkinson
30%
U Drummer for Metallica Lars Ulrich
25%
A King of Spain, 1874-85 Alfonso XII
19%
K Pharoh who commissioned, and is buried in, the Great Pyramid of Giza Khufu
19%
L Wife of Napoleon and Empress of France between 1810-1814 Marie Louise
18%
O Abstract artist whose paintings look suspiciously like vaginas Georgia O'Keeffe
17%
F Inventor of the electronic television Philo Farnsworth
4%
I One of the ten Attic orators and rhetoric opponent of Plato Isocrates
3%
X Chinese human rights activist and political prisoner Liu Xiaobo
2%
Q Muslim Brotherhood philosopher often viewed as inspiration for al-Qaeda Sayyid Qutb
2%
No matching quizzes found
Score Distribution
Percent of People with Each Score
Percentile by Number Answered
Your Score History
You have not taken this quiz